US States That Seceded - Statistics

General Stats
  • This quiz has been taken 29 times
    8 since last reset
  • The average score is 12 of 14
Answer Stats
They Seceded From Answer % Correct
Union North Carolina
100%
Union Alabama
86%
Union Arkansas
86%
Union Florida
86%
Union Georgia
86%
Union Louisiana
86%
Union Mississippi
86%
Union South Carolina
86%
Union Tennessee
86%
Union Texas
86%
1776 USA Vermont
86%
Union Virginia
86%
Confederacy/State West Virginia
71%
USA North Dakota
43%
No matching quizzes found
Score Distribution
Percent of People with Each Score
Percentile by Number Answered
Your Score History
You have not taken this quiz since the last reset